000 004710000a22001210004500
090 _aAS
_bSeriadas
245 1 0 _aAdvertisement calls of three Eleutherodactylus species (<Anura: Leptodactylidae>) in a colombian highland community
041 0 _aInglés
700 1 _aGuzmán, Francisco
_997851
100 1 _aBernal, Ximena
_997850
942 _cARTICULO
773 1 _tRevista de la Academia Colombiana de Ciencias Exactas, Fisicas y Naturales
_332
_hSupl. Esp.
_q261-264
_d1999
_g23
999 _c14030
_d14030